Richtlinien für die Wehrerziehung der deutschen Volksgruppe in der Slowakei

Branný časopis nemeckej skupiny na Slovensku. Mal charakter metodický

Bibliographic Details
Corporate Authors: Dienststelle für die Wehrerziehung der deutschen Volksgruppe in der Slowakei (Publisher), Janiga, Róbert (Bratislava) (tlač.)
Format: Journal
Language:German
PhysicalDescription:2 roč. 20 x 13 cm
Published: Bratislava Dienststelle für die Wehrerziehung der deutschen Volksgruppe in der Slowakei 1943-1944
Subjects:

MARC

LEADER 00000nas a22000001a 4500
001 vtls010300385
003 SK-MaSNL
005 20260228163333.0
008 110810d19431944xo mr p r 0 b0ger
015 |a SNBDS17XX9999 
015 |a 0450  |2 Fedor 1939-44 
038 |a SNKBUDS 
040 |a SNK  |b slo  |c SNK  |e AACR2 
041 0 |a ger 
044 |a xo  |c SK 
245 0 0 |a Richtlinien für die Wehrerziehung der deutschen Volksgruppe in der Slowakei 
246 3 |i (Na tit. liste)  |a Richtlienien zur praktischen Durchführung der gesamten Wehrerziehung der deutschen Volksgruppe in der Slowakei 
260 |a Bratislava  |b Dienststelle für die Wehrerziehung der deutschen Volksgruppe in der Slowakei  |c 1943-1944 
300 |a 2 roč.  |c 20 x 13 cm 
310 |a 1x mesačne 
362 0 |a Rok 1943, trojčís. (júl-aug.-sept. 1943)-rok 1944, trojčís. (jan.-febr.-mar. 1944) 
500 |a Vych. v (Bratislave) (mesačne) 
500 |a Vyd. Dienststelle für die Wehrerziehung der deutschen Volksgruppe in der Slowakei 
500 |a Tlač. Kníhtlač. R. Janiga 
505 8 0 |g Rok 1943 trojčíslo júl-august-september 114 s.; trojčíslo október-november-december 64 s. 
505 8 0 |g Rok 1944 trojčíslo január-február-marec 88 s. 
520 |a Branný časopis nemeckej skupiny na Slovensku. Mal charakter metodický 
650 0 7 |a branná výchova  |2 SNKPH  |9 71875 
655 7 |a branné časopisy  |2 SNKBUDS  |9 269308 
710 2 |a Dienststelle für die Wehrerziehung der deutschen Volksgruppe in der Slowakei  |e vydav.  |9 273719 
710 0 |a Janiga, Róbert (Bratislava)  |e tlač.  |9 271347 
852 |a SNK  |b 10000  |h ČSD 176 
999 |c 9261  |d 11191